Measure theory.

Guardat en:
Dades bibliogràfiques
Autor principal: Bogachev, Vladimir I (Autor)
Format: Llibre
Idioma:anglès
Publicat: Berlin, Germany: Springer, 2007.
Col·lecció:Mathematics Subjec Classification.
Matèries:
Accés en línia:Disponible Online - v.1
Disponible Online -v.2
Etiquetes: Afegir etiqueta
Sense etiquetes, Sigues el primer a etiquetar aquest registre!

MARC

LEADER 00000cam a2200000 a 4500
001 UCE3245
003 CL-VaPUC
005 20240618143530.0
008 140821e20070000gw |||||||||||||||||eng|d
999 |c 356668  |d 356666 
020 |a 9783540345138 
040 |c Pontificia Universidad Católica de Valparaíso 
082 0 4 |a 515.42 BOG 2007  |2 21 
100 0 |a Bogachev, Vladimir I  |e author  |9 575789 
245 1 0 |a Measure theory. 
260 |a Berlin, Germany:  |b Springer,   |c 2007. 
300 |a 2 volúmenes. 
490 0 |a Mathematics Subjec Classification. 
583 |a last modification  |c 20140821 14:35:00  |k Rodrigo Vera 
650 0 |a Teoría de la medida  |9 260231 
650 0 |a Integración   |9 316470 
856 |u http://bibliografiadigital.pucv.cl/index.php/bibliotecapucv/catalog/book/770  |y Disponible Online - v.1  
856 |u http://bibliografiadigital.pucv.cl/index.php/bibliotecapucv/catalog/book/771  |y Disponible Online -v.2 
942 |c BK  |2 ddc 
945 |d 20140821 14:35:00  |a arojas 
952 |0 0  |1 0  |3 erd  |4 0  |6 515_420000000000000_BOG_2007  |7 0  |8 A  |9 464138  |a BIBMAT  |b BIBMAT  |h v.1  |i 5110556  |l 28  |m 17  |o 515.42 BOG 2007  |p 5110556  |r 2025-01-07  |s 2024-10-01  |w 2019-11-23  |y BK  |z Catalogado en:20140821  |k MAT 
952 |0 0  |1 0  |3 erd  |4 0  |6 515_420000000000000_BOG_2007  |7 0  |8 A  |9 464139  |a BIBMAT  |b BIBMAT  |h v.2  |i 5110564  |l 6  |o 515.42 BOG 2007  |p 5110564  |r 2025-01-07  |s 2024-10-01  |w 2019-11-23  |y BK  |z Catalogado en:20140821  |k MAT 
952 |0 0  |1 0  |2 ddc  |4 0  |6 515_420000000000000_BOG_2007  |7 0  |8 A  |9 595123  |a BIBMAT  |b BIBMAT  |d 2024-06-18  |e 13  |g 69853.00  |h v.2  |i 5661554  |o 515.42 BOG 2007  |p 5661554  |r 2025-01-07  |t 2  |v 69853.00  |w 2024-06-18  |y BK  |k MAT 
952 |0 0  |1 0  |2 ddc  |4 0  |6 515_420000000000000_BOG_2007  |7 0  |8 A  |9 595124  |a BIBMAT  |b BIBMAT  |d 2024-06-18  |e 13  |g 69853.00  |h v.1  |i 5661553  |o 515.42 BOG 2007  |p 5661553  |r 2025-01-07  |t 2  |v 69853.00  |w 2024-06-18  |y BK  |k MAT